000 00529nam a2200181Ia 4500
005 20250326141943.0
008 250326s9999 xx 000 0 und d
037 _aTextbook
040 _aFMSL
_beng
_cFMSL
041 _aeng
_2eng
084 _aT:3obX:96g M3
_qFMSL
100 _aPhillips Jack J
_9271019
245 0 _aHandbook of training evaluation and measurement methods
_cPhillips Jack J
260 _aUSA
_bUSA, Gulf
_c1983
300 _a327p
942 _cTB
_hT:3obX:96g M3
999 _c1292768
_d1292768